000 00579nam a22001817a 4500
999 _c171512
_d171512
005 20200114163046.0
010 _aENG-127417
020 _a9353163064
_c450.00
035 _aEN-110949
037 _bDBAD/PUB
082 _a604.2
100 _aAgrawal,Basant
245 _aEngineering graphics and design/
_cby Basant Agrawal[and]Agrawal C.M
260 _aChennai
_bMcGraw Hill Education
_c2018
270 _a444/1,Sri Ekambara Naicker Industrial Estate,Alapakkam,Porur
_bChennai
_e600116
300 _avarious p.
_c24cm(pbk)
942 _2ddc
_cEN
_h604.2
_mAGR